Ley General de Sociedades /
Guardado en:
| Otros Autores: | , |
|---|---|
| Formato: | Libro |
| Idioma: | Spanish |
| Publicado: |
Ciudad Autónoma de Buenos Aires :
Erreius,
2018.
|
| Edición: | 1a. ed. |
| Series: | Separatas de legislación
|
| Materias: | |
| Etiquetas: |
Agregar Etiqueta
Sin Etiquetas, Sea el primero en etiquetar este registro!
|
| LEADER | 00780nam a22002175a 4500 | ||
|---|---|---|---|
| 001 | DER.der013704 | ||
| 008 | 180911s2018####ag############000#0#spa#d | ||
| 005 | 20241029110349.0 | ||
| 245 | 1 | 0 | |a Ley General de Sociedades / |c Argentina. |
| 250 | |a 1a. ed. | ||
| 260 | |a Ciudad Autónoma de Buenos Aires : |b Erreius, |c 2018. | ||
| 300 | |a 136 p. | ||
| 490 | 0 | |a Separatas de legislación | |
| 500 | |a Ley 19.550 y sus modificaciones. Incluye los cambios introducidos por las Leyes 27.440 y 27.444. | ||
| 020 | |a 9789874405555 | ||
| 240 | 1 | 0 | |a Argentina - Leyes |
| 700 | 1 | |a Parada, Ricardo Antonio., |e comp. | |
| 700 | 1 | |a Errecaborde, José Daniel., |e comp. | |
| 650 | 7 | |a DERECHO SOCIETARIO | |
| 859 | |a DERECHO |b BIB. DERECHO |h 346.07 |i ARG |p 008752 | ||
| 859 | |a DERECHO |b BIB. DERECHO |h 346.07 |i ARG |p 008753 |t 1 | ||
